KAHRAMANIM NASREDDİN HOCA (Record no. 811423)

MARC details
000 -LEADER
sabit uzunluktaki kontrol alanı 00259nam a2200097Ia 4500
001 - KONTROL NUMARASI
kontrol alanı 811423
005 - EN SON İŞLEMİN TARİH VE ZAMANI
kontrol alanı 20250826171540.0
008 - SABİT-UZUNLUKTA VERİ ÖĞELERİ--GENEL BİLGİ
sabit uzunluktaki kontrol alanı 250824s9999 xx 000 0 und d
245 #0 - ESER / YAZAR
ESER ADI KAHRAMANIM NASREDDİN HOCA
Yazar Adı İRFAN GÜRKAN ÇELEBİ
260 ## - YAYIN, DAĞITIM, VB.
YAYIN EVİ NESİL YAYINLARI
Holdings
Düşüm durumu Kayıp durumu Sınıflandırma Kaynağı veya raf şeması Hasar Durumu Ödünç verilmez Ana kütüphane Geçerli Kütüphane Edinilen tarih Toplam ödünç verme sayısı Tam yer numarası Barkod Son görüntüleme tarihi Son ödünç verme tarihi Fiyatın geçerli olmaya başladığı tarih Koha materyal türü
    Dewey Ondalık Sınıflama     SELÇUKLU BELEDİYESİ ORTAOKULU SELÇUKLU BELEDİYESİ ORTAOKULU 24.08.2025 1 Q8 10585853 17.12.2025 16.12.2025 26.08.2025 Books